Le travail enchaine : organisation du travail et domination sociale

Saved in:
Bibliographic Details
Main Author: Durand, Claude 1927-
Format: Book
Language:French
Published: Paris : Seuil, c1978
Series:Collection Sociologie
Subjects:
Tags: Add Tag
No Tags, Be the first to tag this record!

MARC

LEADER 00000nam a2200000 i 4500
001 1/28917
008 960530s1978 fre d
020 |a 2020047268  |c 37.00F 
035 |l 10023123 
040 |a GR-MY-UA  |b gre  |e aacr 
041 0 |a fre 
082 0 |a 658.3 
100 1 |a Durand, Claude  |d 1927- 
245 1 3 |a Le travail enchaine :  |b organisation du travail et domination sociale /  |c Claude Durand 
260 |a Paris :   |b Seuil,   |c c1978 
300 |a 186, [5] p.;  |c 20 cm 
490 1 |a Collection Sociologie 
504 |a Bibliography: p. 183-[187] 
650 0 0 |a Personnel management  |z France. 
650 0 0 |a Teams in the workplace  |z France. 
650 0 0 |a Job enrichment. 
650 0 0 |a Organizational change. 
852 |a INST  |b CHIOS  |e 19960530  |h 658.3 DUR  |p 005200004037  |q 005200004037  |t BK  |y 0 
909 |a Χ  |b 032720